000 00433nam a2200193Ia 4500
008 210210b1905 xxu||||| |||| 00| 0 eng d
041 _aeng
082 _a821/175
100 _aCOWLEY (A)
245 _aPoems: Waller A R Ed
260 _aCambridge
_bAt the University Press
_c1905
650 _aWaller
650 _aR
650 _aPoems:
650 _aEd
650 _aA
690 _aEnglish Literature
906 _a011344
999 _c130019
_d130019